Guess the Footballers by their Teams #19 - Statistics

General Stats
  • This quiz has been taken 159 times
  • The average score is 8 of 10
Answer Stats
Hint Answer % Correct
2003-. Zeljeznicar, Teplice, Usti nad Labem (loan), VfL Wolfsburg, Manchester City, Roma (loan), Roma, Inter Milan, Bosnia and Herzegovina. Edin Dzeko
93%
2007-. Stocksbridge Park Steels, FC Halifax Town, Fleetwood Town, Leicester City, England. Jamie Vardy
93%
2014-. Schalke 04, Manchester City, Bayern Munich, Germany. Leroy Sane
92%
2011-. PSV Eindhoven, Manchester United, Lyon, Barcelona, Netherlands. Memphis Depay
89%
2005-. River Plate, Real Madrid, Napoli, Juventus, AC Milan (loan), Chelsea (loan), Inter Miami, Argentina. Gonzalo Higuain
87%
2006-2021. Braga, Penafiel (loan), Atletico Madrid, Braga (loan), Celta (loan), Albacete (loan), Valladolid, Atletico Madrid, Rayo Vallecano (loan), Chelsea, Atletico Madrid, Atletico Mineiro, Spain. Diego Costa
84%
1990-2009. Aston Villa, Manchester United, Blackburn Rovers, Birmingham City, Sydney FC, Sunderland, Trinidad and Tobago. Dwight Yorke
73%
2002-2021. Srem, OFK Beograd, Lokomotiv Moscow, Chelsea, Zenit Saint Petersburg, West Bromwich Albion, Serbia. Branislav Ivanovic
68%
1998-. Banik Ostrava, Liverpool, Aston Villa, Lyon, Portsmouth (loan), Galatasaray, Banik Ostrava, Mlada Boleslav, Slovan Liberec, Banik Ostrava, FK Vigantice, Czech Republic. Milan Baros
50%
2000-2016. Flamengo, Inter Milan, Fiorentina (loan), Parma, Inter Milan, Sao Paulo (loan), Flamengo, Roma, Corinthians, Flamengo, Atletico Paranaense, Miami United, Brazil. Adriano
49%
No matching quizzes found
Score Distribution
Percent of People with Each Score
Percentile by Number Answered
Your Score History
You have not taken this quiz